| 000 | 00892nam a2200229Ia 4500 | ||
|---|---|---|---|
| 003 | GCL | ||
| 008 | 140319s9999 xx 000 0 ara d | ||
| 020 | _a3326048977 | ||
| 040 |
_aGCL / _cGCL |
||
| 082 | 0 | 4 |
_a953.021 _bا ع |
| 100 | 1 | _aاحمد عبدالوهاب فتيح | |
| 245 | 1 | 0 |
_aالعلاقات الخارجية لدولة الاسلام بالحجاز فى عهد النبى صلى الله عليه وسلم / _cاحمد عبدالوهاب فتيح |
| 250 | _aالاولى | ||
| 260 |
_aالقاهرة : _bدار القاهرة ، _c2006 |
||
| 300 |
_a234 ص ؛ _c24 سم |
||
| 650 | 0 | 4 | _aالفتوحات الاسلامية |
| 650 | 0 | 4 | _aالتاريخ الاسلامى |
| 650 | 0 | 4 | _aالحضارة الاسلامية |
| 650 | 0 | 4 | _aالغزوات الاسلامية |
| 650 | 0 | 4 | _aالعالم العربى - تاريخ - عصر صدر الاسلام |
| 942 |
_2ddc _cBK |
||
| 999 |
_c8238 _d8238 |
||